00266cam a2200109u 4500041000800000082001600008100002300024245002400047260005900071300001000130700001600140 aENG a294.52bKRI aKrishnananda Swami00aMandukya Upanishad; aWashington, D.C.,bSelf-realization Fellowshipc[1943] a30 p.0 aPremananda,